Statistics for Napoleonic Wars

Click here to take the quiz!

General Stats

  • This quiz has been taken 85 times
  • The average score is 18 of 61

Answer Stats

HintAnswer% Correct
First Consul of FranceNapoleon Bonaparte
90%
French ally against the Third CoalitionSpain
58%
Who signed a peace treaty with France in 1807Russia
56%
War as a result of Britain interfering with US tradeWar of 1812
56%
Year of Napoleon's massive campaign into Russia1812
54%
Year of the battle1805
53%
Famous battle where Napoleon was defeatedBattle of Waterloo
53%
When did Napoleon declare himself Emperor1804
51%
Which country then signed a peace treaty with FranceAustria
51%
Naval battle where a ^-French fleet was destroyedBattle of Trafalgar
50%
Name of the British commander in chargeHoratio Nelson
50%
Who signed a peace treaty with France in 1807Prussia
50%
Year that Paris was captured and Napoleon was forced to abdicate1814
46%
Country refusing to abide by the systemPortugal
46%
How many countries made up the Sixth Coalition7
43%
Name of British general who helped defeat the French in SpainArthur Wellesley
43%
What title was he given in honour of this in 1814Duke of Wellington
43%
Which island was Napoleon banished toElba
43%
Which [modern day] country did Napoleon march into against the Seventh CoalitionBelgium
40%
Where was Napoleon forced to abdicate to this timeSt Helena
39%
Which year did Napoleon marry his second wife1810
38%
In what year did he die [likely of stomach cancer]1821
38%
His second wifeMarie Louise
36%
What percent of French soldiers made it back to France (nearest 5%)5
35%
What was the name of the selling of an area of land in 1803Louisiana Purchase
35%
Which country did Britain attack the ships of to prevent them falling to the FrenchDenmark
32%
Battle often known as his greatest victory, after which dissolving the Holy Roman EmpireBattle of Austerlitz
31%
System set up to exclude Britain from tradeContinental System
31%
River that Napoleon rushed to cross to fight the Austrians in 1809Danube
31%
What nationality was a person who almost assassinated NapoleonGerman
31%
Alliance fought by Napoleon from 1798-1802Second Coalition
29%
Who declared war on France in May 1803Britain
28%
Which country did Napoleon not depart from that angered the BritishEgypt
28%
What was the French army calledGrande Armée
28%
Who did Napoleon reclaim the crown fromLouis XVIII
26%
Largest battle with 600,000 troops involved, French defeatBattle of Leipzig
24%
War that was the consequence of thisPeninsular War
22%
Battle defeating the RussiansBattle of Friedland
21%
Council of nations deciding over European bordersCongress of Vienna
21%
Deadliest battle of the war outside MoscowBattle of Borodino
19%
How expensive was this$15 million
18%
Battles defeating the Prussians in 1806Battle of Jena
18%
Group of soldiers that refused to surrender and were therefore wiped outOld Guard
18%
What was the treaty calledTreaty of Tilsit
17%
Battle where Napoleon defeated the Austrian forcesBattle of Ulm
15%
His first wifeJosephine de Beauharnais
15%
Great victory by Napoleon against the CoalitionBattle of Dresden
14%
Battles defeating the Prussians in 1806Battle of Auerstädt
13%
Battle where Napoleon regained the victoryBattle of Wagram
13%
What sentiment was sparked in the warring countriesNationalism
13%
Subsequent battle where he lost his first battleBattle of Aspern-Essling
11%
Treaty signed in 1802Treaty of Amiens
11%
What system was introduced around Europe by NapoleonMetric System
10%
French lineage reinstated on the throneHouse of Bourbon
6%
Treaty signed by AustriaTreaty of Schönbrunn
6%
War fought as a result of the treaty and hostilitiesAnglo-Russian War
4%
City that Britain tried to attack in the Fifth CoalitionAntwerp
4%
Name of the plans by the Coalition to keep Napoleon as emperor but reclaim territoriesFrankfurt Proposals
4%
Another name for Napoleon's return to FranceHundred Days War
3%
Battle against Poland in 1807Battle of Elysau
1%
Treaty reneweing the Franco-Russian alliance in 1808Treaty of Erfurt
1%

Score Distribution

Percentile by Number Answered

Percent of People with Each Score

Your Score History

You have not taken this quiz